00697cam a2200205 a 450000100100000000500170001000800410002702000150006804000360008308200240011910000700014324500680021326000450028130000350032649000290036165000240039065000260041465000200044083000310046000001005320200929161824.0930611s1992 sp ac 001 p spa d a8475172091 aDO-SdBNPbspacCSdudBNPHUdDLC a861.64bP191p, 19921 aPanero, Leopoldo María,d1948-q(Leopoldo María Panero Blanc)10aPoemas del manicomio de Mondragón /cLeopoldo María Panero. aMadrid, (España) :bHiperión,c1992. a60 p. :bil., retrs. ;c20 cm.1 aPoesía Hiperiónv114 4aPoesía española 4aLiteratura española 4aLocosxPoesía 0aPoesía Hiperión ;v114